|
|
|
|
| LEADER |
00000nab a2200000ua 4500 |
| 001 |
vtls010790030 |
| 003 |
SK-MaSNL |
| 005 |
20260303120258.0 |
| 008 |
230131s1972 xo |||||||||||||||||slo| |
| 035 |
|
|
|a (urnnbn)urn:nbn:sk:snk:ar-a001k4
|
| 035 |
|
|
|a (uuid)e23e669a-b77e-4ec5-a973-2bfc0e12292c
|
| 035 |
|
|
|a urn:nbn:sk:snk-ab4z4h
|
| 040 |
|
|
|a SNKBUCL
|b slo
|c SNKBUCL
|e AACR2
|
| 041 |
0 |
|
|a slo
|
| 044 |
|
|
|a xo
|c SK
|
| 100 |
1 |
|
|a F. S.
|4 aut
|9 324410
|
| 245 |
1 |
0 |
|a FARMA RASTIE, MOHUTNIE...
|c F. S.
|
| 773 |
0 |
|
|t Včelár : odborný časopis Povereníctva poľnohospodárstva a lesného hospodárstva a Ústredia včelárskych združení na Slovensku
|g Roč. 46, č. 8 (1972), s. 170-171
|
| 954 |
|
|
|a odborná, vedecká literatúra pôvodná (slovenská)
|2 lita
|
| 958 |
|
|
|a OND
|
| 958 |
|
|
|a EUIPO
|
| 958 |
|
|
|a article3
|
| 999 |
|
|
|c 1908572
|d 1910502
|